Catálogo público

(Record no. 171811)

MARC details
000 -CABECERA
campo de control de longitud fija 00414nam a2200157Ia 4500
001 - NÚMERO DE CONTROL
campo de control dia_C/e
008 - DATOS DE LONGITUD FIJA--INFORMACIÓN GENERAL
campo de control de longitud fija 220117s9999 xx 000 0 und d
010 ## - NÚMERO DE CONTROL DE LA BIBLIOTECA DEL CONGRESO
Número de control de LC 171811
264 ## - PRODUCCIÓN, PUBLICACIÓN, DISTRIBUCIÓN, FABRICACIÓN Y COPYRIGHT
Fecha de producción, publicación, distribución, fabricación o copyright IS Q
590 ## - NOTA LOCAL (RLIN)
Nota local QD101 A97 1968
650 ## - PUNTO DE ACCESO ADICIONAL DE MATERIA--TÉRMINO DE MATERIA
Término de materia o nombre geográfico como elemento de entrada Análisis químico
9 (RLIN) 145564
700 ## - PUNTO DE ACCESO ADICIONAL--NOMBRE DE PERSONA
Nombre de persona I. Vicente Pérez, Santiago, tr.
9 (RLIN) 150403
905 ## - ELEMENTOS DE DATOS E LOCAL, LDE (RLIN)
a ANALISIS QUiMICO CUANTITATIVO
942 ## - ELEMENTOS DE PUNTO DE ACCESO ADICIONAL (KOHA)
Tipo de ítem Koha

No items available.